Pre hrsť dukátov

Bibliographic Details
Main Author: Červenák, Juraj, 1974- (Author)
Other Authors: Geišberg, Marek, 1982- (Narrator)
Format: Audio
Language:Slovak
PhysicalDescription:2 audiodisky digitálny, mono, MP3 12cm
Published: Bratislava Vydavateľstvo SLOVART, spol. s r.o. Publixing Ltd 2022
Subjects:

MARC

LEADER 00000nim a2200000 4500
001 vtls012226112
003 SK-MaSNL
005 20260301060452.0
007 su uuuuuuuuuuu
008 230324s2022 xo nnnne n slo
020 |q (audiokniha) 
040 |a SNK  |b slo  |c SNK  |e rda 
041 1 |a slo 
044 |a xo  |c SK 
100 1 |a Červenák, Juraj,  |d 1974-  |4 aut  |9 239345 
245 1 0 |a Pre hrsť dukátov  |h zvukový záznam  |c Juraj Červenák ; číta Marek Geišberg 
264 1 |a Bratislava  |b Vydavateľstvo SLOVART, spol. s r.o.  |b Publixing Ltd  |c 2022 
300 |a 2 audiodisky  |b digitálny, mono, MP3  |c 12cm 
336 |a hovorené slovo  |b spw  |2 rdacontent 
337 |a audio  |b s  |2 rdamedia 
338 |a audiodisk  |b sd  |2 rdacarrier 
655 7 |a zvukové záznamy  |2 SNKPH  |9 70720 
700 1 |a Geišberg, Marek,  |d 1982-  |4 nrt  |9 166944 
999 |c 615688  |d 617618 
952 |t 1  |a SNK  |b SNK  |c SNK_KF  |y PREZ  |7 8  |p 17A1526614  |o snkSCD 6190/1-2  |i snk2023/5111  |8 0  |z 1. CD  |0 0  |1 0  |4 0  |d 2023-03-24  |l 0  |r 2026-02-23 16:37:23  |w 2026-02-23 
952 |t 1  |a SNK  |b SNK  |c SNK_KF  |y PREZ  |7 8  |p 17A1526615  |o snkSCD 6190/1-2  |i snk2023/5111  |8 0  |z 2. CD  |0 0  |1 0  |4 0  |d 2023-03-24  |l 0  |r 2026-02-23 16:37:23  |w 2026-02-23